Issues in feminist film criticism
Αποθηκεύτηκε σε:
| Άλλοι συγγραφείς: | |
|---|---|
| Μορφή: | Βιβλίο |
| Γλώσσα: | English |
| Δημοσίευση: |
Bloomington :
Indiana University Press,
c1990
|
| Θέματα: | |
| Ετικέτες: |
Προσθήκη ετικέτας
Δεν υπάρχουν, Καταχωρήστε ετικέτα πρώτοι!
|
MARC
| LEADER | 00000nam a2200000 i 4500 | ||
|---|---|---|---|
| 001 | 1/94296 | ||
| 008 | 080922s1990 eng d | ||
| 020 | |a 978-0-253-20610-7 (pbk.) | ||
| 020 | |a 0-253-20610-3 (pbk.) | ||
| 035 | |l 10100329 | ||
| 040 | |a GR-MY-UA |b gre |e aacr | ||
| 041 | 0 | |a eng | |
| 082 | 0 | |a 791.43082 |2 (22) | |
| 245 | 1 | 0 | |a Issues in feminist film criticism / |c edited by Patricia Erens |
| 260 | |a Bloomington : |b Indiana University Press, |c c1990 | ||
| 300 | |a xxvi, 450 σ.; |c 24 εκ. | ||
| 504 | |a Βιβλιογραφία: σ. [425]-438 | ||
| 504 | |a Ευρετήριο: σ. [439]-450 | ||
| 650 | 0 | 0 | |a Women in motion pictures. |
| 650 | 0 | 0 | |a Feminism and motion pictures. |
| 650 | 0 | 0 | |a Feminist film criticism. |
| 700 | 1 | |a Erens, Patricia |d 1938- |4 edt | |
| 852 | |a INST |b LESVOS |e 20080922 |h 791.43082 ISS |p 005100044404 |q 005100044404 |t BK |y 0 | ||
| 901 | |a BIBL1-2008-3 | ||
| 909 | |a Λ |b 151450 | ||
| 922 | |a 1ΕΛΗ |b 200803 |c ΕΠΕΑΕΚ2/ΠΤΕ |d ΠΑΠΑΣΩΤΗΡΙΟΥ | ||
| 970 | |a ΓΙΑΛΑΜΑ |b ΜΑΡΙΑ |z 2008/09/22 | ||